000 00412nam a2200133Ia 4500
008 211119s9999||||xx |||||||||||||| ||und||
082 _a823
_bBAS-C
100 _aBasheer, Vaikom Muhammad
245 0 _aChildhood Friend
260 _bMathrubhoomi
_aKozhikodu
_c1980
300 _a77p
650 _aLiterature & rhetoric
_vEnglish & Old English literatures English fictionMalayalam
_xGeneral Stack
942 _cBOOK
999 _c119852
_d119852